| 000 | 01452nam0a22002771 4500 | ||
|---|---|---|---|
| 001 | rc\4421155 | ||
| 005 | 20260408083327.0 | ||
| 021 |
_aRU _b[68-108703] |
||
| 035 | _a(NLR Aleph) 008570196 | ||
| 090 |
_a8520586 _c8520586 |
||
| 100 | _a20130416d1968 |||y0rusy50 ca | ||
| 101 | 0 | _arus | |
| 102 | _aRU | ||
| 105 | _aa z ||||| | ||
| 200 | 1 |
_aЗащита от коррозии гидротехнических сооружений в речных водах _e[Сборник статей _fРед. канд. техн. наук М.С. Трифель] _gМ-во энергетики и электрификации СССР. Техн. упр. по эксплуатации энергосистем. Всесоюз. гос. трест по организации и рационализации район. электр. станций и сетей. Азерб. совет науч.-техн. о-в |
|
| 210 |
_aМосква _cЭнергия _d1968 |
||
| 215 |
_a392 с. _cил. _d21 |
||
| 320 | _aБиблиогр. в конце статей | ||
| 606 |
_aГидротехнические сооружения _xЗащита от коррозии _jСборники _2psbo |
||
| 702 | 1 |
_aТрифель _bМ.С. _gМарк Соломонович _4340 |
|
| 712 | 0 | 2 |
_a"Оргрэс", трест _cМосква _3RU\NLR\AUTH\8810166155 _9828297 |
| 801 | 0 |
_aRU _bNLR _gpsbo |
|
| 801 | 1 |
_aRU _bELAR _2rusmarc |
|
| 852 |
_aNLR _j69-3/398 |
||
| 942 | _cBOOK | ||
| 980 | _aNB | ||